| 000 -LEADER |
| fixed length control field |
00467cam a22001337a 4500 |
| 008 - FIXED-LENGTH DATA ELEMENTS--GENERAL INFORMATION |
| fixed length control field |
180718b1982 xxu||||| |||| 00| 0 eng d |
| 082 ## - DEWEY DECIMAL CLASSIFICATION NUMBER |
| Classification number |
F51x5401 G939 |
| 100 ## - MAIN ENTRY--PERSONAL NAME |
| Personal name |
Guha, Arun Chandra |
| 245 ## - TITLE STATEMENT |
| Title |
India's struggle quarter of a century |
| Statement of responsibility, etc. |
by Arun Chandra Guha |
| 260 ## - PUBLICATION, DISTRIBUTION, ETC. |
| Place of publication, distribution, etc. |
Delhi |
| Name of publisher, distributor, etc. |
Pub. Division |
| Date of publication, distribution, etc. |
1982 |
| 300 ## - PHYSICAL DESCRIPTION |
| Extent |
2Pts. |
| 500 ## - GENERAL NOTE |
| General note |
Pt.1.: 1921-1940. June 1982. 1-447p.; Pt.2.: 1941-1946. Aug. 1982. 448-890. |
| 650 ## - SUBJECT ADDED ENTRY--TOPICAL TERM |
| Topical term or geographic name entry element |
India --Politics and government --1919-1947 |